00500nam a2200145Ia 4500008004100000041000800041082001200049100002200061245004500083260003700128300001300165365001300178999001700191952014600208240624s9999 xx 000 0 und d aeng a659 MIK aMIKUNDA CHRISTIAN aBRAND LANDS HOT SPOTS COOL SPACES WELCOM c2004aLondonbKogan Page Limited a240 : p. cRSb33.5 c17210d17210 00104070aIMTNbIMTNcRack 35-Bd2011-06-15eIBHg495.00l1o659 MIKp17210q2024-10-14r2024-07-06 00:00:00s2024-07-06t1w2024-06-24yBK